000 01517nam a2200373Ia 4500
001 ebr10660214
003 CaPaEBR
006 m u
007 cr cn|||||||||
008 081114s2009 nyu sb 001 0 eng d
010 _z 2008047199
020 _z1604569905 (softcover)
020 _z9781604569902 (softcover)
020 _z9781607419037 (ebook)
040 _aCaPaEBR
_cCaPaEBR
035 _a(OCoLC)430195820
050 1 4 _aHV6250.4.W65
_bB56 2009eb
082 0 4 _a362.83
_222
100 1 _aBlanchfield, Luisa.
245 1 0 _aInternational violence against women
_h[electronic resource] /
_cLuisa Blanchfield, Rhoda Margesson, and Clare Ribando Seelke.
260 _aNew York :
_bNova Science Publishers,
_cc2009.
300 _aviii, 79 p.
504 _aIncludes bibliographical references (p. [53]-70) index.
533 _aElectronic reproduction.
_bPalo Alto, Calif. :
_cebrary,
_d2013.
_nAvailable via World Wide Web.
_nAccess may be limited to ebrary affiliated libraries.
650 0 _aInternational organization.
650 0 _aNon-governmental organizations.
650 0 _aWomen
_xViolence against
_xPrevention
_xInternational cooperation.
650 0 _aWomen
_xViolence against
_zUnited States
_xPrevention.
655 7 _aElectronic books.
_2local
700 1 _aMargesson, Rhoda.
700 1 _aSeelke, Clare Ribando.
710 2 _aebrary, Inc.
856 4 0 _uhttp://site.ebrary.com/lib/rucke/Doc?id=10660214
_zAn electronic book accessible through the World Wide Web; click to view
999 _c170212
_d170212